Govt. of
Madhya Pradesh

SSC English Language Chapterwise Solved Papers 2023 16800+ Objective Question (Record no. 66194)

MARC details
000 -LEADER
fixed length control field 00296nam a22001097a 4500
082 ## - DEWEY DECIMAL CLASSIFICATION NUMBER
Classification number 400
100 ## - MAIN ENTRY--AUTHOR NAME
Personal name Prasad,S.N.
245 ## - TITLE STATEMENT
Title SSC English Language Chapterwise Solved Papers 2023 16800+ Objective Question
260 ## - PUBLICATION, DISTRIBUTION, ETC. (IMPRINT)
Place of publication Delhi
Name of publisher Kiran Publication
Year of publication 2023
650 ## - SUBJECT ADDED ENTRY--TOPICAL TERM
Topical Term english
942 ## - ADDED ENTRY ELEMENTS (KOHA)
Koha item type Books
Holdings
Withdrawn status Lost status Damaged status Not for loan Home library Current library Date acquired Cost, normal purchase price Full call number Accession Number Price effective from Koha item type
        MACL MACL 25/10/2023 695.00 400 DPI001385 25/10/2023 Books
        MACL MACL 25/10/2023 695.00 400 DPI001384 25/10/2023 Books